Ročenka agropotravinárskeho zahraničného obchodu SR za rok 2005
Enregistré dans:
| Auteur principal: | |
|---|---|
| Autres auteurs: | |
| Format: | Livre |
| Langue: | slovaque |
| Publié: |
Bratislava
Výskumný ústav ekonomiky poľnohospodárstva a potravinárstva
2006
|
| Collection: | Štúdia
č. 112/2006 |
| Sujets: | |
| Tags: |
Pas de tags, Soyez le premier à ajouter un tag!
|
MARC
| LEADER | 00000nam$a2200000$$$4500 | ||
|---|---|---|---|
| 001 | 0054721 | ||
| 005 | 20220805103534.7 | ||
| 020 | |a 80-8058-447-8 | ||
| 041 | 0 | |a slo | |
| 044 | |a SK | ||
| 245 | 1 | 0 | |a Ročenka agropotravinárskeho zahraničného obchodu SR za rok 2005 |c Jozef Gálik, Dagmar Matošková |
| 264 | 1 | |a Bratislava |b Výskumný ústav ekonomiky poľnohospodárstva a potravinárstva |c 2006 | |
| 300 | |a 55 s. | ||
| 490 | 1 | |a Štúdia |v č. 112/2006 | |
| 830 | 0 | |a Štúdia |v č. 112/2006 | |
| 610 | 2 | 0 | |a agropotravinárstvo |
| 610 | 2 | 0 | |a obchod zahraničný |
| 610 | 2 | 0 | |a zisťovanie štatistické |
| 610 | 2 | 0 | |a vývoz |
| 610 | 2 | 0 | |a dovoz |
| 610 | 2 | 0 | |a komodity |
| 610 | 2 | 0 | |a konkurencieschopnosť |
| 610 | 2 | 0 | |a krajiny rozvojové |
| 610 | 2 | 0 | |a krajiny vyspelé |
| 610 | 2 | 0 | |a ceny |
| 610 | 2 | 0 | |a výrobky poľnohospodárske |
| 610 | 2 | 0 | |a Slovensko |
| 610 | 2 | 0 | |a Európska únia |
| 610 | 2 | 0 | |a 2005 |
| 100 | 1 | |a Gálik, Jozef | |
| 700 | 1 | |a Matošková, Dagmar | |